| 000 | 00682nam a22002297a 4500 | ||
|---|---|---|---|
| 005 | 20170124105944.0 | ||
| 010 | _aA-143238 | ||
| 020 | _c00.00 | ||
| 035 | _aA-143238 | ||
| 037 | _bCen Lib/Ret | ||
| 040 |
_aDPL _bEN |
||
| 082 |
_a250 _bCON |
||
| 245 |
_aContribution of buddhism to world civilization and culture / _cedited by P.N.Chopra |
||
| 260 |
_aNew Delhi _bS.Chand & company _c1983 |
||
| 270 |
_aRam nagar _bNew Delhi _e110055 |
||
| 300 |
_ax,380p. _c20cm(Hb) |
||
| 500 | _aincludes bibliographical reference | ||
| 650 |
_aBuddhism _91068 |
||
| 650 |
_aBuddhist civilization _911890 |
||
| 700 |
_aChopra,P.N. _98566 |
||
| 942 |
_2ddc _cEN _h250 _mCON |
||
| 999 |
_c124773 _d124773 |
||